| 000 | 00340nam a2200133Ia 4500 | ||
|---|---|---|---|
| 005 | 20251222144636.0 | ||
| 008 | 251222s9999||||xx |||||||||||||| ||spa|| | ||
| 020 | _a950-808-491-X | ||
| 082 | _a372.21/G74 | ||
| 100 | _aGoris, Beatriz | ||
| 245 | 0 | _aLas Ciencias Sociales en el JardÃn de Infantes: | |
| 264 | _bHomo Sapiens | ||
| 942 | _cLIB | ||
| 999 |
_c16481 _d16481 |
||